Online
Catalog

Ella cantaba boleros / (Record no. 8852)

MARC details
000 -CABECERA
campo de control de longitud fija 00676cam a2200217 a 4500
001 - NÚMERO DE CONTROL
campo de control 000009088
005 - FECHA Y HORA DE LA ÚLTIMA TRANSACCIÓN
campo de control 20200929161502.0
008 - DATOS DE LONGITUD FIJA--INFORMACIÓN GENERAL
campo de control de longitud fija 960709s1996 sp 000 f spa
020 ## - NÚMERO INTERNACIONAL ESTÁNDAR DEL LIBRO
Número Internacional Estándar del Libro 8420482056
040 ## - FUENTE DE LA CATALOGACIÓN
Centro catalogador/agencia de origen DO-SdBNP
Centro/agencia transcriptor DLC
Centro/agencia modificador DLC
082 ## - NÚMERO DE LA CLASIFICACIÓN DECIMAL DEWEY
Número de clasificación Cu863.44
Número de documento/Ítem C117e
100 1# - ENTRADA PRINCIPAL--NOMBRE DE PERSONA
Nombre de persona Cabrera Infante, G.
Forma completa/desarrollada del nombre (Guillermo Cabrera Infante),
Fechas asociadas al nombre 1929-
9 (RLIN) 23737
245 10 - MENCIÓN DE TÍTULO
Título Ella cantaba boleros /
Mención de responsabilidad, etc. G. Cabrera Infante.
246 15 - FORMA VARIANTE DE TÍTULO
Título propio/Titulo breve Ella cantaba boleros y La amazona
260 ## - PUBLICACIÓN, DISTRIBUCIÓN, ETC.
Lugar de publicación, distribución, etc. Madrid :
Nombre del editor, distribuidor, etc. Santillana,
Fecha de publicación, distribución, etc. c1996.
300 ## - DESCRIPCIÓN FÍSICA
Extensión 309 p. ;
Dimensiones 22 cm.
650 #4 - PUNTO DE ACCESO ADICIONAL DE MATERIA--TÉRMINO DE MATERIA
Término de materia o nombre geográfico como elemento de entrada Novela cubana
9 (RLIN) 2316
650 #4 - PUNTO DE ACCESO ADICIONAL DE MATERIA--TÉRMINO DE MATERIA
Término de materia o nombre geográfico como elemento de entrada Literatura cubana
Subdivisión cronológica SIGLO XX
9 (RLIN) 9186
740 02 - PUNTO DE ACCESO ADICIONAL--TÍTULO RELACIONADO O ANALÍTICO NO CONTROLADO
Título relacionado o analítico no controlado Amazona.
910 ## - DATOS DE OPCIÓN DEL USUARIO (OCLC)
Datos de opción del usuario Catalogación por copia / LC
Holdings
Estado de retiro Estado de pérdida Restricciones de uso No para préstamo Código de colección Localización permanente Ubicación/localización actual Ubicación en estantería Fecha de adquisición Número de inventario Total de préstamos Signatura topográfica completa Código de barras Fecha visto por última vez Precio válido a partir de Tipo de ítem Koha
    Préstamo interno   Monografías: Libros y Folletos General General En catalogación 26.09.2009 LF1   Cu863.44 C117e 9088-10 25.06.2020 25.06.2020 Préstamo interno

Powered by Koha